Statistics for African Countries with the Shortest Names

Click here to take the quiz!

General Stats

  • This quiz has been taken 36,121 times
  • The average score is 9 of 11

Answer Stats

Answer % Correct
Chad
93%
Mali
89%
Egypt
89%
Togo
84%
Niger
84%
Libya
80%
Sudan
80%
Ghana
80%
Benin
77%
Kenya
77%
Gabon
71%

Score Distribution

Percentile by Number Answered

Percent of People with Each Score

Your Score History

You have not taken this quiz